Normal view
MARC view
- اعداد ابو صقر، وسيم ؛ اشراف: خالد امين عبدالله، احمد صبحي العيادي
Entry Personal Name
001 - CONTROL NUMBER
- control field: 43749
003 - CONTROL NUMBER IDENTIFIER
- control field: JO-AjAnu
005 - DATE AND TIME OF LATEST TRANSACTION
- control field: 20230606081240.0
008 - FIXED-LENGTH DATA ELEMENTS
- fixed length control field: 230606|| aca||aabn | a|a d
040 ## - CATALOGING SOURCE
- Original cataloging agency: JO-AjAnu
- Transcribing agency: JO-AjAnu
100 ## - HEADING--PERSONAL NAME
- Personal name: اعداد ابو صقر، وسيم ؛ اشراف: خالد امين عبدالله، احمد صبحي العيادي
670 ## - SOURCE DATA FOUND
- Source citation: Work cat.: (JO-AjAnu)22398: اعداد ابو صقر، وسيم ؛ اشراف: خالد امين عبدالله، احمد صبحي العيادي, author, المعالجات المحاسبية لادوات الاستثمار الاسلامي وفق معايير المحاسبة الاسلامية في المصارف المؤسسات المالية الاسلامية (البيوع)